বোখারী শরীফ : (Record no. 46073)
[ view plain ]
| 000 -LEADER | |
|---|---|
| fixed length control field | 01232nam a2200277 a 4500 |
| 001 - CONTROL NUMBER | |
| control field | 46073 |
| 003 - CONTROL NUMBER IDENTIFIER | |
| rucl marc code | BD-RjUL |
| 005 - DATE AND TIME OF LATEST TRANSACTION | |
| control field | 20211209054114.0 |
| 008 - FIXED-LENGTH DATA ELEMENTS--GENERAL INFORMATION | |
| fixed length control field | 160730s1964 bg ||||| |||| 00| 0 ben d |
| 020 ## - INTERNATIONAL STANDARD BOOK NUMBER | |
| Terms of availability | : PRs. 8.00 (V-1) |
| Terms of availability | : PRs. 8.00 (V-3) |
| 035 ## - SYSTEM CONTROL NUMBER | |
| System control number | (BD-RjUL)46191 |
| 040 ## - CATALOGING SOURCE | |
| Original cataloging agency | BD-RjUL |
| Language of cataloging | ben |
| Transcribing agency | BD-RjUL |
| 041 ## - LANGUAGE CODE | |
| Language code of text/sound track or separate title | ben |
| 082 ## - DEWEY DECIMAL CLASSIFICATION NUMBER | |
| Edition number | 23 |
| Classification number | 297.1254106 |
| Author mark and year | FAB 1964 |
| 100 1# - MAIN ENTRY--PERSONAL NAME | |
| Personal name | ফরিদপুরী, শামছুল হক |
| 9 (RLIN) | 237733 |
| 245 10 - TITLE STATEMENT | |
| Title | বোখারী শরীফ : |
| Remainder of title | (বাংলা তরজমা ও বিস্তারিত ব্যা্খ্যা) / |
| Statement of responsibility, etc. | শামছুল হক ফরিদপুরী , আজিজুল হক |
| 250 ## - EDITION STATEMENT | |
| Edition statement | ৫ম সং. |
| 260 ## - PUBLICATION, DISTRIBUTION, ETC. (IMPRINT) | |
| Place of publication, distribution, etc. | ঢাকা : |
| Name of publisher, distributor, etc. | হামিদিয়া লাইব্র্রেরী, |
| Date of publication, distribution, etc. | ১৯৬৪ |
| 300 ## - PHYSICAL DESCRIPTION | |
| Pagination | খণ্ড ; |
| Size | ২২ সেমি. |
| 505 0# - FORMATTED CONTENTS NOTE | |
| Formatted contents note | খণ্ড ১ -- খণ্ড ৩ -- |
| 650 ## - SUBJECT ADDED ENTRY--TOPICAL TERM | |
| Topical term or geographic name as entry element | হাদীস, বুখারী |
| General subdivision | বঙ্গানুবাদ ও ব্যাখা |
| 9 (RLIN) | 237734 |
| Topical term or geographic name as entry element | Hadith, Bukhari |
| General subdivision | Translation abd Interpretation |
| 9 (RLIN) | 237735 |
| 700 ## - ADDED ENTRY--PERSONAL NAME | |
| Personal name | হক, আজিজুল, যুগ্ম অনুবাদক |
| 942 ## - ADDED ENTRY ELEMENTS (KOHA) | |
| Source of classification or shelving scheme | Dewey Decimal Classification |
| Koha item type | Books |
| Lost status | Source of classification or shelving scheme | Damaged status | Not for loan | Collection code | Permanent Location | Current Location | Shelving location | Date acquired | Source of acquisition | Cost, normal purchase price | Total Checkouts | Full call number | Date last seen | Copy number | Koha item type |
|---|---|---|---|---|---|---|---|---|---|---|---|---|---|---|---|
| Dewey Decimal Classification | Non-fiction | Central Library, University of Rajshahi | Central Library, University of Rajshahi | 30/05/1967 | Faruq Library, Rajshahi | 8.00 | B 297.1254106 FAB V-1 1964 | 30/07/2016 | C-2 | Books | |||||
| Dewey Decimal Classification | Non-fiction | Central Library, University of Rajshahi | Central Library, University of Rajshahi | 31/05/1967 | Farooq Library, Rajshahi | 8.00 | B 297.1254106 FAB V-3 1964 | 18/01/2020 | C-2 | Books | |||||
| Dewey Decimal Classification | Not For Loan | Non-fiction | Central Library, University of Rajshahi | Central Library, University of Rajshahi | Reading Room | 31/05/1967 | Farukh Lib. Rajshahi | 8.00 | B 297.1254106 FAB V-5 1964 | 14/11/2022 | C-1 | Books |